000 00287nam a22001337a 4500
008 180928b xxu||||| |||| 00| 0 eng d
020 _a9780300050820
041 _aeng
080 _a701
100 _a44
101 _aART
245 _aGiotto to Durer
_cDunkerton, J
942 _2udc
_cBK
999 _c48679
_d48679